000 01172nam a2200241Ii 4500
003 JO-AjNU
008 230605s9999||||xx |||||||||||||| ||und||
017 _a97/7703
020 _a977-5673-13-5
040 _aJO-AjNU
_bara
_erda
_cJO-AjNU
041 _aara
050 1 4 _aJF1525.1997
100 3 _aالاجتماع الوزاري حول التنمية الإدارية والإصلاح الإداري لدعم برامج التنمية والإصلاح الإقتصادي في البلاد العربية,
_eauthor
_932895
245 0 0 _aالإصلاح الإداري لدعم سياسات الإصلاح الاقتصادي في البلاد العربية
250 _a(د،ط)
264 3 1 _aالقاهرة : المنظمة العربية للتنمية الإدارية ، 1997
300 _a285ص
336 _atext
_btxt
_2rdacontent
337 _aunmediated
_bn
_2rdamedia
338 _avolume
_bnc
_2rdacarrier
490 0 _aسلسلسة ندوات ومؤتمرات (4)
650 4 _aإصلاح الداري - العالم العربي ، أعمال مؤتمرات - تنمية إدارية - العالم العربي ، أعمال مؤتمرات
_932896
999 _aA13332
_c16900
_d16900